00721 2200253 4500001002100000005001700021008004100038020002200079035002400101082000800125090001500133100002100148245010200169250001100271260003200282300001900314490002400333504001300357650002300370700002000393990001800413990001800431990001800449YOGYA-0411000000244520110429072433.0 ind  a978-979-21-0198-0 0010-041100000002445 a920 a920bMeb P aMebride, Alfreid aPaus Yohanus xxiii : membuka jendela kebijaksanaan/ Alfreid Mebride ; penerjemah, A. Widyamartaya aCet. 1 aYopgyakartabKanisiusc2009 a205 hlmc21 cm aSeri 7 hari bersama ahlm. 205 aPaus Yohanes xxiii aWidyamartaya, A a52107-PD/B.10 a52106-PD/B.10 a52105-PD/B.10